International and comparative librarianship and information systems / (Record no. 136889)

MARC details
000 -LEADER
fixed length control field 00754nam a22002177a 4500
010 ## - LIBRARY OF CONGRESS CONTROL NUMBER
LC control number A-813413
020 ## - INTERNATIONAL STANDARD BOOK NUMBER
International Standard Book Number 8170188709(set)
035 ## - SYSTEM CONTROL NUMBER
System control number A-813413
037 ## - SOURCE OF ACQUISITION
Source of stock number/acquisition Cen Lib / Ret
040 ## - CATALOGING SOURCE
Original cataloging agency DPL
Language of cataloging EN
082 ## - DEWEY DECIMAL CLASSIFICATION NUMBER
Classification number 020.9
Item number KAU
245 ## - TITLE STATEMENT
Title International and comparative librarianship and information systems /
Statement of responsibility, etc by P. N. Kaula... [et al]
260 ## - PUBLICATION, DISTRIBUTION, ETC. (IMPRINT)
Place of publication, distribution, etc Delhi
Name of publisher, distributor, etc B. R. Publishing Corporation
Date of publication, distribution, etc 1996
270 ## - ADDRESS
Address D. K. Publishers Distributors
City Delhi
Postal code 110052
300 ## - PHYSICAL DESCRIPTION
Extent v 1. xxix, 413 ; v 3. xv, 529p
Other physical details 24cm(Hb)
650 ## - SUBJECT ADDED ENTRY--TOPICAL TERM
Topical term or geographic name as entry element Ranganathan, S. R. -- (Shiyali Ramamrita), -- 1892-1972.
650 ## - SUBJECT ADDED ENTRY--TOPICAL TERM
Topical term or geographic name as entry element Library science -- India.
650 ## - SUBJECT ADDED ENTRY--TOPICAL TERM
Topical term or geographic name as entry element Comparative librarianship.
700 ## - ADDED ENTRY--PERSONAL NAME
Personal name Kaula, P. N.
942 ## - ADDED ENTRY ELEMENTS (KOHA)
Source of classification or shelving scheme Dewey Decimal Classification
Koha item type English Books
Classification part 020.9
Call number suffix KAL
Holdings
Withdrawn status Lost status Materials specified (bound volume or other part) Damaged status Not for loan Home library Current library Date acquired Source of acquisition Total Checkouts Full call number Barcode Date last seen Copy number Price effective from Koha item type
    v 4     Central Library Central Library 11/03/2016 Cen Lib/Ret   020.9 KAU A-813413 11/03/2016 1 11/03/2016 English Books
    v 1     Central Library Central Library 11/03/2016 Cen Lib/Ret   020.9 KAU A-813412 11/03/2016 1 11/03/2016 English Books

© Delhi Public Library
Hit Counter
free hit counter